Statistics for Countries Kraków has been in

Click here to take the quiz!

General Stats

  • This quiz has been taken 1,294 times
  • The average score is 6 of 8

Answer Stats

TimeCountry% Correct
1257 - 1795Kingdom of Poland / Polish-Lithuanian Commonwealth / Commonwealth of Poland
99%
1945 - PresentPolish People's Republic / Republic of Poland
99%
1918 - 1939Second Polish Republic
99%
1939 - 1945Nazi Germany
96%
1846 - 1918Austrian Empire / Austro-Hungarian Empire
77%
1795 - 1809Habsburg Monarchy / Austrian Empire
77%
1815 - 1846Free City of Kraków
26%
1809 - 1815Duchy of Warsaw
20%

Score Distribution

Percentile by Number Answered

Percent of People with Each Score

Your Score History

You have not taken this quiz